000 002630000a22000970004500
100 1 _aSledge, Randall D.
245 1 0 _aIntroducción a la primera Epístola de Pedro
300 _aNum. 20 (Octubre, 1982), Páginas 9-19
773 0 _tDiálogo teológico
942 _cANA
999 _c53322
_d53322